00341nam a2200145Ia 4500003000400000008004100004040001600045082001300061100001600074245002500090260003300115300001000148650001500158650002200173GCL140319s9999 xx 000 0 eng d aGCL / cGCL04a843bZ N1 aZOLA, EMILE10aNANA / cZOLA, EMILE a[S.N] : bLAROUSSE ، c1989 a462 P04aLITERATURE04aFRENCH LITERATURE